000 002920000a22001210004500
082 0 4 _aGI CJ B912p
100 1 _aBurguess, Thorton W.
245 1 0 _aThe adventures of Prickly Porky / Thornton W. Burgess
260 _aToronto : Canadian Edition
300 _a116 P.
001 793
942 _cLGB
999 _c47997
_d47997